000 00818nam a22002417a 4500
005 20131219123301.0
008 131126b xxu||||| |||| 00| 0 eng d
010 _aPUN-7764
020 _c250.00
_a9789350680544
035 _aPN-6882
037 _bDBAD / PUB
037 _bUnistar Books
040 _adpl
_bpn
082 _a070
100 _aਕੁਲਬੀਰ ਸਿੰਘ
245 _aਪਰਵਾਸੀ ਪੰਜਾਬੀ ਮੀਡੀਆ /
_cਕੁਲਬੀਰ ਸਿੰਘ
246 _aParvasi punjabi media
_bby Kulbir Singh
260 _aChandigarh
_bUnistar Books
_c2012
270 _bChandigarh
_asco-26-27, sector-34 A
_k0172-5077427- 9815471219
_e160022
300 4 _a215p.
_c22ਸੇਂਮੀ (ਸਜਿਲੱਦ)
942 _2ddc
_cPN
_h070
_mਕੁਲਬੀ
999 _c81304
_d81304